000 00494nab a22001457 4500
003 ES-SlBCS
005 20210327224136.0
008 160224s2016 sp ||||| |||| 00| 0 spa d
040 _aES-SlBCS
_bspa
041 _aspa
100 1 _aVerstraeten, Johan
_947774
245 1 0 _aEntrar plenamente en el tejido social. el papa Francisco y el futuro del discernimiento social católico
_cJohan Verstraeten
773 0 _gNúm. 364, 2016, págs. 121-134
_tConcilium
_wRev134
_x0210-1041
942 _2lcc
_cAR
999 _c466800
_d466800